| 000 | 00626nam a2200181Ia 4500 | ||
|---|---|---|---|
| 005 | 20251020182600.0 | ||
| 008 | 200515s9999 xx 000 0 und d | ||
| 082 | _aSC/331.86(85)/F75 | ||
| 110 | _aFoncodes | ||
| 245 | 0 | _aGuía de agente capacitador | |
| 260 | _aLima | ||
| 260 | _c1999 | ||
| 300 | _a104 | ||
| 520 | _aTiene como objetivo precisar las acciones de capacitación de los Agentes Capacitadores, lo que constituirá una valiosa herramienta de trabajo que facilitará la labor de capacitación en las diferentes líneas | ||
| 650 | _aFORMACION DE FORMADORES | ||
| 650 | _aFORMACION PROFESIONAL | ||
| 942 | _cLIB | ||
| 999 |
_c3025 _d3025 |
||